Top 15 X-Men 97' Characters - Statistics

General Stats
  • This quiz has been taken 54 times
    11 since last reset
  • The average score is 13 of 15
Answer Stats
Numbers 1-15 Answer % Correct
7 Beast
100%
1 Cyclops
100%
5 Gambit
100%
14 Jubilee
100%
10 Magneto
100%
6 Phoenix
100%
4 Rogue
100%
3 Wolverine
100%
2 Nightcrawler
86%
11 Professor X
86%
8 Storm
86%
13 Morph
71%
9 Cable
57%
15 Forge
57%
12 Gladiator
14%
No matching quizzes found
Score Distribution
Percent of People with Each Score
Percentile by Number Answered
Your Score History
You have not taken this quiz since the last reset